Minecraft Life Series Death Messages - Sudden Death - Statistics

General Stats
  • This quiz has been taken 2,788 times
    838 since last reset
  • The average score is 4 of 34
Answers on the Grid
Answers color-coded by a green-red scale on the quiz's grid according to % correct below.
blew up
burned to death
didn't want to live in the same world as _____
died
discovered the floor was lava
drowned
drowned while trying to escape _____
experienced kinetic energy
experienced kinetic energy while trying to escape _____
fell from a high place
fell off a ladder
fell off scaffolding
fell off some twisting vines
fell off some vines
fell off some weeping vines
fell out of the world
fell while climbing
froze to death
hit the ground too hard
hit the ground too hard while trying to escape _____
left the confines of this world
left the confines of this world while fighting _____
starved to death
starved to death while fighting _____
suffocated in a wall
suffocated in a wall while fighting _____
tried to swim in lava
tried to swim in lava to escape _____
walked into a cactus while trying to escape _____
walked into fire while fighting _____
walked into the danger zone due to _____
was blown up by _____
was blown up by _____ using _____
was burned to a crisp while fighting _____
was doomed to fall
was doomed to fall by _____
was fireballed by _____
was fireballed by _____ using _____
was frozen to death by _____
was impaled by _____
was impaled by _____ using _____
was impaled on a stalagmite
was impaled on a stalagmite while fighting _____
was killed
was killed by _____ while trying to hurt _____
was killed by _____ using _____
was killed by _____ using magic
was killed by magic
was killed by magic while trying to escape _____
was killed by [Intentional Game Design]
was killed while fighting _____
was killed while trying to hurt _____
was obliterated by a sonically-charged shriek
was obliterated by a sonically charged shriek while trying to escape _____ using _____
was poked to death by a sweet berry bush
was poked to death by a sweet berry bush while trying to escape _____
was pricked to death
was shot by _____
was shot by _____ using _____
was shot by a skull from _____
was shot by a skull from _____ using _____
was skewered by a falling stalactite
was slain by _____
was slain by _____ using _____
was smashed by _____
was smashed by _____ using _____
was squashed by _____
was squashed by a falling anvil
was squashed by a falling block
was squished too much
was struck by lightning
was struck by lightning while fighting _____
was stung to death
was stung to death by _____ using _____
went off with a bang
went off with a bang due to a firework fired from _____ by _____
went up in flames
withered away
withered away while fighting _____
 
Answer Stats
Answer % Correct
blew up
83%
burned to death
69%
drowned
43%
fell from a high place
25%
fell out of the world
24%
died
23%
drowned while trying to escape _____
18%
fell off a ladder
14%
tried to swim in lava
11%
hit the ground too hard
10%
starved to death
10%
suffocated in a wall while fighting _____
7%
hit the ground too hard while trying to escape _____
6%
was blown up by _____
6%
tried to swim in lava to escape _____
5%
was doomed to fall by _____
5%
was shot by _____
3%
was slain by _____
3%
was struck by lightning
3%
went up in flames
3%
withered away
3%
was burned to a crisp while fighting _____
2%
was impaled by _____
2%
was impaled on a stalagmite
2%
was killed by _____ using magic
2%
was slain by _____ using _____
2%
was smashed by _____
2%
went off with a bang
2%
was impaled on a stalagmite while fighting _____
1%
was obliterated by a sonically-charged shriek
1%
was shot by a skull from _____
1%
was shot by _____ using _____
1%
was skewered by a falling stalactite
1%
was squashed by a falling anvil
1%
No matching quizzes found
Score Distribution
Percent of People with Each Score
Percentile by Number Answered
Your Score History
You have not taken this quiz since the last reset